LEADER 01083nam0 2200265 450 001 000024560 005 20090317123425.0 100 $a20090317d1960----km-y0itay50------ba 101 0 $aita 102 $aIT 105 $ay-------001yy 200 1 $a<>investimenti esteri in Italia$eanalisi delle partecipazioni private straniere in Società italiane con particolare riferimento agli investimenti diretti (1946-1958)$fWalter Giorgio Scott 210 $aMilano$cFeltrinelli$d1960 215 $a144 p.$d24 cm 225 2 $aCentro di studi e ricerche sulla struttura economica italiana$fIstituto Giangiacomo Feltrinelli 410 0$12001$aCentro di studi e ricerche sulla struttura economica italiana 500 10$a<>investimenti esteri in Italia$943863 610 1 $aInvestimenti esteri$aItalia 676 $a332$9Moneta. Credito. Banche. Borse 700 1$aScott,$bWalter Giorgio$089311 801 0$aIT$bUNIPARTHENOPE$c20090317$gRICA$2UNIMARC 912 $a000024560 951 $a441/3$b2016$cNAVA2 996 $aInvestimenti esteri in Italia$943863 997 $aUNIPARTHENOPE